<?xml version="1.0" encoding="UTF-8"?>
<record
    xmlns:xsi="http://www.w3.org/2001/XMLSchema-instance"
    xsi:schemaLocation="http://www.loc.gov/MARC21/slim http://www.loc.gov/standards/marcxml/schema/MARC21slim.xsd"
    xmlns="http://www.loc.gov/MARC21/slim">

  <leader>02774cam a2200337 i 4500</leader>
  <controlfield tag="001">991106407616806196</controlfield>
  <controlfield tag="005">20250709090618.0</controlfield>
  <controlfield tag="008">170316s2017    enk    g b    001 0 eng  </controlfield>
  <datafield tag="010" ind1=" " ind2=" ">
    <subfield code="a">2017011127</subfield>
  </datafield>
  <datafield tag="020" ind1=" " ind2=" ">
    <subfield code="a">9781784780456</subfield>
  </datafield>
  <datafield tag="035" ind1=" " ind2=" ">
    <subfield code="a">(UTL)11395930-01utoronto_inst</subfield>
  </datafield>
  <datafield tag="035" ind1=" " ind2=" ">
    <subfield code="a">(SIRSI)11395930</subfield>
  </datafield>
  <datafield tag="035" ind1=" " ind2=" ">
    <subfield code="a">(OCoLC)951753168</subfield>
    <subfield code="z">(OCoLC)990064798</subfield>
  </datafield>
  <datafield tag="040" ind1=" " ind2=" ">
    <subfield code="a">DLC</subfield>
    <subfield code="b">eng</subfield>
    <subfield code="e">rda</subfield>
    <subfield code="c">DLC</subfield>
    <subfield code="d">YDXCP</subfield>
    <subfield code="d">BTCTA</subfield>
    <subfield code="d">BDX</subfield>
    <subfield code="d">ERASA</subfield>
    <subfield code="d">OCLCF</subfield>
    <subfield code="d">NDD</subfield>
    <subfield code="d">YDX</subfield>
    <subfield code="d">IGA</subfield>
    <subfield code="d">CaOTV</subfield>
    <subfield code="d">CaOTUIRN</subfield>
  </datafield>
  <datafield tag="041" ind1=" " ind2=" ">
    <subfield code="a">eng</subfield>
  </datafield>
  <datafield tag="042" ind1=" " ind2=" ">
    <subfield code="a">pcc</subfield>
  </datafield>
  <datafield tag="050" ind1="0" ind2="0">
    <subfield code="a">QA76.5915</subfield>
    <subfield code="b">.G745 2017</subfield>
  </datafield>
  <datafield tag="100" ind1=" " ind2=" ">
    <subfield code="a">Greenfield, Adam</subfield>
    <subfield code="e">author</subfield>
    <subfield code="9">7514</subfield>
  </datafield>
  <datafield tag="245" ind1="1" ind2="0">
    <subfield code="a">Radical technologies</subfield>
    <subfield code="b">: the design of everyday life</subfield>
    <subfield code="c">/ Adam Greenfield.</subfield>
  </datafield>
  <datafield tag="260" ind1=" " ind2=" ">
    <subfield code="a">London ;</subfield>
    <subfield code="a">New York :</subfield>
    <subfield code="b">Verso,</subfield>
    <subfield code="c">2017.</subfield>
  </datafield>
  <datafield tag="300" ind1=" " ind2=" ">
    <subfield code="a">359 pages ;</subfield>
    <subfield code="c">24 cm.</subfield>
  </datafield>
  <datafield tag="504" ind1=" " ind2=" ">
    <subfield code="a">Includes bibliographical references and index.</subfield>
  </datafield>
  <datafield tag="505" ind1="0" ind2=" ">
    <subfield code="a">Smartphone: the networking of the self &#x2014; The internet of things: a planetary mesh of perception and response &#x2014; Augmented reality: an interactive overlay on the world &#x2014; Digital fabrication: towards a political economy of matter &#x2014; Cryptocurrency: the computational guarantee of value &#x2014; Blockchain beyond Bitcoin: a trellis for posthuman institutions &#x2014; Automation: the annihilation of work &#x2014; Machine learning: the algorithmic production of knowledge &#x2014; Artificial intelligence: the eclipse of human discretion &#x2014; Radical technologies: the design of everyday life.</subfield>
  </datafield>
  <datafield tag="520" ind1="8" ind2=" ">
    <subfield code="a">Everywhere we turn, our everyday experience is being overlaid and interrupted by startling new technologies. Today, we depend on the smartphone as an interface to an urban environment we share with autonomous drones and self-driving cars, even as we use augmented-reality applications to interact with things that aren't quite there. Now 3D printing offers us unprecedented fine-grained control over the form and distribution of matter, while the blockchain promises to remake the way we record and exchange value. And all the while, fiendishly complex algorithmic systems are operating quietly, reshaping the economy, transforming the fundamental terms of our politics, and even beginning to etch away at what it means to be human. 00Just how did these things come to be? How do they work? What (and whose) values do they reproduce? And what kind of choices do they present us with? "Radical Technologies" raises all of these questions to the surface and provokes us to ask what we might want to do with them now, when we might still be able to shape their impact on our shared future.</subfield>
  </datafield>
  <datafield tag="650" ind1=" " ind2="0">
    <subfield code="a">Ubiquitous computing</subfield>
    <subfield code="9">5863</subfield>
  </datafield>
  <datafield tag="650" ind1=" " ind2="0">
    <subfield code="a">Electronic data processing</subfield>
    <subfield code="x">Social aspects</subfield>
    <subfield code="9">25712</subfield>
  </datafield>
  <datafield tag="650" ind1=" " ind2="0">
    <subfield code="a">Technological innovations</subfield>
    <subfield code="x">Social aspects</subfield>
    <subfield code="9">7506</subfield>
  </datafield>
  <datafield tag="650" ind1=" " ind2="0">
    <subfield code="a">Telematics</subfield>
    <subfield code="9">25713</subfield>
  </datafield>
  <datafield tag="650" ind1=" " ind2="0">
    <subfield code="a">Work design</subfield>
    <subfield code="9">25714</subfield>
  </datafield>
  <datafield tag="942" ind1=" " ind2=" ">
    <subfield code="2">lcc</subfield>
  </datafield>
  <datafield tag="952" ind1=" " ind2=" ">
    <subfield code="0">0</subfield>
    <subfield code="1">0</subfield>
    <subfield code="2">lcc</subfield>
    <subfield code="4">0</subfield>
    <subfield code="7">0</subfield>
    <subfield code="a">TBS</subfield>
    <subfield code="b">TBS</subfield>
    <subfield code="d">2025-07-09</subfield>
    <subfield code="l">0</subfield>
    <subfield code="o">QA76.5915 GRE</subfield>
    <subfield code="p">B05789</subfield>
    <subfield code="r">2025-07-09</subfield>
    <subfield code="t">1</subfield>
    <subfield code="w">2025-07-09</subfield>
    <subfield code="y">1</subfield>
  </datafield>
  <datafield tag="999" ind1=" " ind2=" ">
    <subfield code="c">4839</subfield>
    <subfield code="d">4839</subfield>
  </datafield>
</record>
